Name the 2024 Jets Draft Class - Statistics

General Stats
  • This quiz has been taken 18 times
  • The average score is 6 of 7
Answer Stats
Round Position Name College % Correct
5 QB Jordan Travis Florida State
100%
4 RB Braelon Allen Wisconsin
94%
1 OT Olu Fashanu Penn State
94%
3 WR Malachi Corley Western Kentucky
88%
5 RB Isaiah Davis South Dakota State
81%
5 CB Qwan'tez Stiggers Canada
81%
7 S Jaylen Key Alabama
69%
No matching quizzes found
Score Distribution
Percent of People with Each Score
Percentile by Number Answered
Your Score History
You have not taken this quiz